Score 0/20 Timer 02:00
0 Plays Today
Hint Answer % Correct
Hotel _____California
96.3%
Purple _____Rain
95.8%
London _____Calling
85.6%
Sticky _____Fingers
78.2%
American _____Idiot
77.3%
Private _____Dancer
74.3%
Achtung _____Baby
71.2%
Rebel _____Yell
70.8%
Rubber _____Soul
68.4%
Hunky _____Dory
66.2%
Hint Answer % Correct
Pet _____Sounds
61.2%
Hangin' _____Tough
48.6%
OK _____Computer
48.4%
Physical _____Graffiti
46.6%
Permanent _____Vacation
39.1%
Stadium _____Arcadium
36.8%
Chinese _____Democracy
36.1%
Siamese _____Dream
33.5%
Paul's _____Boutique
25.5%
Dream _____Street
6.5%

Today's Daily Dose

Remove Ads.
Support Sporcle.
Get the best of Sporcle when you Go Orange. This ad-free experience offers more features, more stats, and more fun while also helping to support Sporcle. Thank you for becoming a member.

You're not logged in!

Compare scores with friends on all Sporcle quizzes.
OR
Log In

Show Comments

Extras

Top Quizzes Today


Score Distribution

Your Account Isn't Verified!

In order to create a playlist on Sporcle, you need to verify the email address you used during registration. Go to your Sporcle Settings to finish the process.

Report this User

Report this user for behavior that violates our Community Guidelines.

Details: